Loading...
| MB | 2 | 13 | 1 | 0 | 155 | 15 | 101.13 | 6 | 15 | 0.00 | 0.00 |
| RR | 2 | 6 | 1 | 2 | 85 | 29 | 84.75 | 7 | 8 | 0.00 | 0.00 |
| TR | 1 | 5 | 0 | 2 | 65 | 28 | 106.00 | 4 | 6 | 0.00 | 0.00 |
| RC | 2 | 4 | 1 | 1 | 65 | 59 | 95.67 | 5 | 6 | 0.00 | 0.00 |
| BB | 2 | 4 | 1 | 0 | 65 | 34 | 77.17 | 5 | 6 | 0.00 | 0.00 |
| AR | 1 | 4 | 0 | 0 | 55 | 63 | 91.00 | 2 | 5 | 0.00 | 0.00 |
| AG | 1 | 3 | 0 | 0 | 45 | 25 | 85.50 | 3 | 4 | 0.00 | 0.00 |
| DM | 0 | 3 | 0 | 0 | 30 | 95 | 106.67 | 1 | 3 | 0.00 | 0.00 |
| KD | 0 | 2 | 0 | 0 | 20 | 92 | 107.00 | 1 | 2 | 0.00 | 0.00 |
| AWD | 0 | 1 | 0 | 1 | 10 | 122 | 122.00 | 0 | 1 | 0.00 | 0.00 |
| RC> | 0 | 1 | 0 | 0 | 10 | 115 | 115.00 | 1 | 1 | 0.00 | 0.00 |
| AW | 0 | 1 | 0 | 0 | 10 | 80 | 80.00 | 0 | 1 | 0.00 | 0.00 |
| AK | 0 | 1 | 0 | 1 | 10 | 156 | 156.00 | 1 | 1 | 0.00 | 0.00 |
| MB | Kongo kingdom | 15 | 15 |
| AG | Octavio Paz | 15 | 25 |
| TR | 1810s | 15 | 28 |
| RR | Lou Reed | 15 | 29 |
| BB | d'Alembertian | 15 | 34 |
| BB | Liouville's theorem | 15 | 35 |
| RR | Tamil Nadu | 15 | 57 |
| MB | nembutsu | -5 | 59 |
| RC | Johnson | 15 | 59 |
| AR | washing hands | 15 | 63 |